000 00601nam a2200217Ia 4500
005 20250508164559.0
008 008 250505s9999 xx 000 0 eng d
020 _a0-415-04305-0
037 _aTextual
040 _aFEDL
_beng
_cFEDL
041 _aeng
_2eng
084 _a372.1264, SHI
_qFEDL
100 _aShipman Marten
245 0 _aAssessment in primary and middle schools
260 _aLondon, UK
_bRoutledge
_c1989
300 _axiii,168p.
546 _aMACESE
650 _aGrading and marking
_9778523
942 _cTEXL
_h372.1264, SHI
999 _c1389922
_d1389922